Quizzes
Events
Quiz Creation
Community
Videos
Private Events
Remove Ads
Sign In
Join for FREE
Feedback
Dark Mode
Quiz Categories
Sports
Geography
Music
Movies
Television
Just For Fun
Miscellaneous
History
Literature
Language
Science
Gaming
Entertainment
Religion
Holiday
For Kids
Quiz Lab
Recent
Popular Today
Quiz Kudos Today
Editor Picks
Curator Picks
Quizzes by...
Day
Popularity
Type
Ratings
Length
Year
Community
Subscriptions
Recent Discussions
Orange Saloon
Badges
Playlists
Quests
Create
Leaderboards
Showdown
Live 5
Trivia Bingo
Activity
Puzzle Library
Sporcle Events
Private Events
Virtual Trivia
Globe League
Become a Host
Pub Owners
SporcleCon
Opinionation
Our Games
Videos
Blog
Mobile Apps
Partnerships
Remove Ads and Go Orange
Feedback
Geography
Country
Landmarks
City
State
Population
World
Capital
Continent
Flags
Europe
Africa
Asia
South America
North America
Oceania
Border
Canada
United Kingdom
Topography
United States
Geography
Country
Landmarks
City
State
Population
World
Capital
Continent
Flags
Europe
Africa
Asia
South America
North America
Oceania
Border
Canada
United Kingdom
Topography
United States
Random Quiz
Search Sporcle
×
Quiz Lab
Quiz Lab
Geography
Color
Type in answers that appear in a list
Type in answers that appear in a list
Classic
Best Score? Go Orange.
European Flags with no White Stats
Can you name the european flags that do not contain any white?
By
luk
3m
11 Questions
4,199 Plays
4,199 Plays
4,199 Plays
Comments
Comments
Give Quiz Kudos
Give Quiz Kudos
-
- Ratings
hide this ad
Replay
Link that replays current quiz
Next Quiz
Link to next quiz in quiz playlist
You Got
0%
They Got
Avg Score
76%
Avg Friend Score
Upgrade to see
Score Distribution
Jump to the score distribution portion of the page
Score
0/11
Timer
03:00
0
Plays Today
Colours
Country
% Correct
Black, Red, Gold
Germany
95.1%
Black, Yellow, Red
Belgium
87.2%
Blue, Yellow
Sweden
85.7%
Blue, Yellow
Ukraine
82.7%
Blue, Yellow, Red
Romania
79.5%
Red, Black
Albania
77.9%
Yellow, Green, Red
Lithuania
77.9%
Blue, Yellow, Red
Moldova
67.5%
Red, Yellow
Macedonia
65.8%
Blue, Red
Liechtenstein
64.9%
Red, Gold
Montenegro
61.4%
Quiz Playlist
Details
Report
Send in Message
Add To Playlist
Classic:
Type in answers that appear in a list
Last Updated: Feb 16, 2017
Quiz Scoreboard
CHALLENGE
Sign Up to Join the Scoreboard
Show All
Scores
Hide
Comments
May contain spoilers
Recently Published
An Introduction to Baseball
by treessimontrees
Sports
5m
Movies - When Are They Set?
by FPL_Elf
Movies
5m
Popular People in 1961
by mucciniale
History
6m
More to Explore
Quiz From the Vault
Featured Blog Post
Where Did the Easter Bunny Come From?
hide this ad
You Might Also Like...
Tags
Color Quiz
Country Quiz
Europe Quiz
Flags Quiz
White
Today's Top Quizzes in Geography
Browse Geography
hide this ad
Today's Top Quizzes in Color
Browse Color
Top Contributed Quizzes in Geography
1
Countries of the World - No Outlines Minefield
2
Top 25 Cities of France on a map
3
Closest Countries to UK A-Z
4
Any capital of a 'B' country per Continent
5
One Thing in Common: United Kingdom
6
Find the Provinces of Canada - No Outlines Minefield
7
Any capital of a 'C' country per Continent
8
Blind Secret Country CLXXXVIII
9
Find the US States - No Outlines
10
Any capital of a 'D' country per Continent
Explore More
Trending Topics
NBA
Disney
Crossword
Anime
Marvel
Kpop
Harry Potter
WWE
Pokémon
Song
Puzzle
Country
NFL
Soccer
The Office
hide this ad
More By:
luk
Quiz
Plays
Rating
Category
Featured
Created
Begins and Ends with Same Letter
116,067
4.22
Miscellaneous
Nov 23, 2009
Around the Coastline of Eurasia-Africa
69,465
4.69
Geography
Feb 4, 2010
Around the Coastline of the Americas
47,532
4.23
Geography
Feb 5, 2010
European Flags with no White
4,199
4.20
Geography
Nov 18, 2009
Euro Football Championships Last Four
2,462
4.33
Sports
Dec 1, 2009
Go to Creator's Profile
Score Distribution
Quiz Creator Spotlight
luk
Follow
Send a Message
Quizzes Created
-
Created Quiz Play Count
-
More By This Creator
Popular Quizzes Today
1
Find the Countries of Europe - No Outlines Minefield
2
Find the US States - No Outlines Minefield
3
The Countries of the World
4
Popular People in 1961
5
US States
6
Find the US States
7
1-10 Letter E Words III
8
Risky Map Clicking: Biggest States A-Z
More Geography Quizzes
Unique Starting Asian Countries
Published
Trending Quizzes
Risky Map Clicking: Least Populous States A-Z
1-10 Letter F Words
1-10 Letter G Words
Not Quite an Element Typing Challenge
One Thing in Common: United Kingdom
Recently Updated
Leaping Animals
pecheneg
Reality TV Shows (A-Z)
bhenderson79
Rickey Henderson's Hall of Fame Teammates
pecheneg
Champions League XIs: Arsenal
pecheneg
Quick Pick: Celebrities in WWE's Hall of Fame
aduchscher
A-Z Keypad Blitz II
pecheneg
Multiple Oscar Actors
pecheneg
Mystery Phrase Blitz: Oscar 'Best Actors'
pecheneg
F. Scott Fitzgerald Novels
LTH
Pick 3 Villains
ddd62291
Trending Topics
Marvel
Kpop
Anime
Disney
Harry Potter
NBA
Crossword
WWE
Country
NFL
Soccer
The Office
Pokémon
Puzzle
Song
Your Account Isn't Verified!
In order to create a playlist on Sporcle, you need to verify the email address you used during registration. Go to your
Sporcle Settings
to finish the process.
Report this User
Report this user for behavior that violates our
Community Guidelines
.
Details:
Send Report
Go to the Sporcle.com Mobile Site →
Comments